| 000 | 00649nam a2200229 u 4500 | ||
|---|---|---|---|
| 005 | 20240831063811.0 | ||
| 008 | 160927s2008 mx r 000 0 spa d | ||
| 020 | _a9789708250115 | ||
| 035 | _aUPN01000213688 | ||
| 049 | _aI | ||
| 050 | 4 |
_aPZ76.3 _bO7.3 |
|
| 100 | 1 |
_aOrozco, Rebeca, _d1956- _936242 |
|
| 245 | 1 | 0 |
_aArca de valores / _cRebeca Orozco ; il. de Menena Cottin. |
| 260 |
_aMéxico : _bTecolote, _c2008. |
||
| 300 |
_a[23] p. : _bil. col. |
||
| 440 | 0 | _aMaqueta | |
| 650 | 4 |
_aCuentos infantiles españoles _97725 |
|
| 650 | 0 |
_aAnimales _vCuentos y leyendas _9234 |
|
| 905 | _aInfantil | ||
| 999 |
_c185788 _d185788 |
||